Vida de don quijote y sancho /

Guardado en:
Autor Principal: Unamuno, Miguel de
Formato: Libro
Publicado: España : Espasa Calpe, 1961
Edición:12a. ed.
Series:Colecci¢n Austral, 33
Materias:
Etiquetas: Agregar Etiqueta
Sin Etiquetas, Sea el primero en etiquetar este registro!
LEADER 00555nam a22002055a 4500
001 CEM.cems006358
005 20060214000000.0
008 130507s1961##################000#0#####d
003 CEMS
082 0 4 |a 868 
100 1 |a Unamuno, Miguel de 
245 1 0 |a Vida de don quijote y sancho / 
250 |a 12a. ed. 
260 |a España :  |b Espasa Calpe,  |c 1961 
300 |a 230 p. 
490 0 |a Colecci¢n Austral, 33 
653 |a Critica literaria 
653 |a Ensayo español 
653 |a Literatura 
859 |a CEMS  |b BIB. CEMS - 11 de abril  |h 868  |i Un1a12  |p 6349.78  |t Ej.1